| 000 | 02990nam a22003975a 4500 | ||
|---|---|---|---|
| 005 | 20090523120423.0 | ||
| 008 | 090218s2009 ii b 001 0 eng d | ||
| 010 | _aENG-93673 | ||
| 020 |
_a9780195697872 _c695.00 |
||
| 020 |
_a0195697871 _c695.00 |
||
| 035 | _aEN-77206 | ||
| 035 | _aB-360846-854 | ||
| 037 | _aDBAD / PUB | ||
| 037 | _aUppal Book Store | ||
| 040 |
_adpl _bEnglish |
||
| 082 | _a954.01 | ||
| 100 | _aSharma, R.S. | ||
| 245 |
_aRethinking India's past / _cby R.S. Sharma |
||
| 260 |
_aNew Delhi _bOxford University Press _c2009 |
||
| 270 |
_aYMCA Library Building, Jai Singh Road, _bNew Delhi _e110001 |
||
| 300 |
_aviii, 299p. _c23cm(Hb) |
||
| 500 | _aIncludes index | ||
| 651 |
_aIndia _xHistory |
||
| 942 |
_2ddc _cEN _mSHA _h954.01 |
||
| 999 |
_c26710 _d26710 |
||